LEADER 01234nam a2200241 i 4500 001 000000154671 003 CaOOAMICUS 005 20061023000000.0 008 061023s1921 it u000 u ita u 013 $a132017 040 $aSeMil$bita 100 1 $aCarotti, Giulio .$0(OLS)http://semarc/name/14129 245 13$aLe meraviglie del mondo antico /$cDr. Giulio Carotti. 260 $aBergamo :$bIstituto Italiano d'Arti Grafiche,$c1921. 300 $a1725 p. :$bill., [3] p. di tav. ;$c27 cm. 490 0 $aLe Strenne del Pio Istituto Rachitici relative a Milano ed alla Lombardia 500 $aIn copertina : Strenna a beneficio del Pio Istituto rachitici di Milano, 1921-22. - In mezzo al front : con 212 illustrazioni e 3 tavole. 650 4$aArte antica.$0(OLS)http://semarc/subject/2429 830 3$aLe Strenne del Pio Istituto Rachitici relative a Milano ed alla Lombardia.$0(OLS)http://semarc/title/19823 850 $aSeMil 852 $aSeMil$W1$xVenegono$y1$m5R IX 16$j106527$B106527$CSeMilBibl$Z2$F115738 $81 996 $6245$aLe meraviglie del mondo antico$9(OLS)http://semarc/title/226384 996 $6260$aBergamo :$bIstituto Italiano d'Arti Grafiche$9(OLS)http://semarc/publisher/29676 LEADER 01121nam a2200241 i 4500 001 000000121189 003 CaOOAMICUS 005 20031210000000.0 008 031210s1983 it u000 u ita u 013 $a93883 040 $aSeMil$bita 240 03$aLa Madonna della Ghiara.$0(OLS)http://semarc/title/178366 245 13$aLa Madonna della Ghiara in Reggio Emilia :$bguida storico-artistica. 260 $aReggio Emilia :$bComunità dei Servi di Maria del Santuario della B. V. della Ghiara,$c1983. 300 $a134 p. :$briccamente ill. ;$c30 cm. 500 $aFondo Card. C.M. Martini. 650 4$aReggio Emilia - Santuario della Madonna della Ghiara.$0(OLS)http://semarc/subject/22879 850 $aSeMil 852 $aSeMil$W1$xVenegono$y1$m5K VII 1$j76288$B76288$CSeMilBibl$Z2$F79054 $81 941 1 $a4 961 $aOmaggio: Martini Card. Carlo Maria 996 $6245$aLa Madonna della Ghiara in Reggio Emilia :$bguida storico-artistica$9(OLS)http://semarc/title/178367 996 $6260$aReggio Emilia :$bComunità dei Servi di Maria del Santuario della B. V. della Ghiara$9(OLS)http://semarc/publisher/46078